Veľkolepý monument

Bibliographic Details
Main Author: Janovský, Jiří (Author)
Format: Article
Language:Slovak
Subjects:

MARC

LEADER 00000nab a2200000 a 4500
001 vtls000012058
003 SK-MaSNL
005 20260303021347.0
008 111103c1978 xo 0 slo
015 |a SNBRB19rr/mm-uuuuu 
035 |a CL0022152 
040 |a SNKBUCL  |b slo  |c SNKBUCL  |e AACR2 
041 0 |a slo 
044 |a xo  |c SK 
080 |a 72  |2 1981 
080 |a 730  |2 1981 
100 1 |a Janovský, Jiří  |4 aut  |9 958673 
245 1 0 |a Veľkolepý monument  |c Jiří Janovský 
650 0 7 |a architektúra  |2 snkbucl  |9 722 
650 0 7 |a sochárstvo  |2 snkbucl  |9 1038 
651 7 |a 3100  |2 snkbucl  |9 920766 
655 7 |a články z novín a časopisov  |2 snkbucl  |9 267496 
773 0 |t Nové slovo  |g Roč. 20, č. 45 (9. 11. 1978), s. 23 
850 |a Slovenská národná knižnica v Martine  |a MTA001 
852 |a SNK  |b KIS3GCP 
958 |a RK 
992 |a RBX 
999 |c 1622869  |d 1624799